000 00582nam a22002057a 4500
999 _c12957
_d12957
003 MIRAKIL
005 20190315104050.0
008 190315b tu ||||| |||| 00| 0 tur d
020 _a9786050923063
040 _aTR-AnCHP
_cTR-AnCHP
041 _atur
082 _a808.06831
_bL58s 2017
100 1 _aLivaneli, Zülfü
245 1 0 _aSon ada'nın çocukları /
_bZülfü Livaneli.
250 _a50.bs.
260 _aİstanbul :
_bDoğan Egmont Yayıncılık,
_c2017.
300 _a197 s.
_bres.;
_c19 sm.
650 0 _919
_aTürk edebiyatı
_xÇocuk hikayeleri
942 _2ddc
_cBKS